[Event "GER-ch U25"]
[Site "Oberhof"]
[Date "2010.05.29"]
[Round "9"]
[White "Heinz, Maria"]
[Black "Eggert, Andre"]
[Result "1/2-1/2"]
[WhiteElo "1203"]
[BlackElo "1300"]
[PlyCount "39"]
[EventDate "2010.05.22"]
[EventType "swiss"]
[EventRounds "9"]
[EventCountry "GER"]
[SourceTitle "CBM 136 Extra"]
[Source "ChessBase"]
[SourceDate "2010.07.02"]
[SourceVersion "2"]
[SourceVersionDate "2010.07.15"]
[SourceQuality "1"]

1. e4 d5 2. exd5 Qxd5 3. Nc3 Qa5 4. d4 Nf6 5. Bc4 c6 6. Nge2 Bf5 7. Ng3 Bg6 8. h4 Bh5 9. Nxh5 Nxh5 10. g4 Nf6 11. Qe2 e6 12. a3 Nbd7 13. f3 Bd6 14. Be3 Qc7 15. 0-0-0 Nb6 16. Bb3 0-0 17. Rd3 Nfd5 18. Nxd5 Nxd5 19. Bxd5 exd5 20. Kb1 1/2-1/2

[Event "GER-ch U25"]
[Site "Oberhof"]
[Date "2010.05.25"]
[Round "5"]
[White "Heinz, Maria"]
[Black "Bauch, Florian"]
[Result "0-1"]
[WhiteElo "1203"]
[BlackElo "1251"]
[PlyCount "44"]
[EventDate "2010.05.22"]
[EventType "swiss"]
[EventRounds "9"]
[EventCountry "GER"]
[SourceTitle "CBM 136 Extra"]
[Source "ChessBase"]
[SourceDate "2010.07.02"]
[SourceVersion "2"]
[SourceVersionDate "2010.07.15"]
[SourceQuality "1"]

1. e4 e5 2. Nf3 Nf6 3. Nc3 Bb4 4. Bc4 Nc6 5. a3 Bxc3 6. dxc3 Nxe4 7. Qe2 Nd6 8. Nxe5 0-0 9. 0-0 Nxe5 10. Qxe5 Nxc4 11. Qg3 d6 12. Bg5 f6 13. Bh6 Rf7 14. b3 Kh8 15. Bf4 Ne5 16. Rae1 b6 17. Re3 Bb7 18. h4 Qd7 19. Rfe1 Re8 20. h5 Rg8 21. Rd1 Qf5 22. Qh4 Qxc2 0-1